Quiz sulla Campania - Statistics

Statistiche generali
  • Questo quiz è stato fatto 2.721 volte
  • Il punteggio medio è 21 su 34
Statistiche sulle risposte
Definizioni Risposte % Corretto
Capoluogo di Regione Napoli
100%
Vulcano che svetta nel capoluogo Vesuvio
98%
Città principali distrutte da una sua eruzione nel 79 d.C Pompei
97%
Numero di Regioni confinanti Quattro
96%
Altre Province Caserta
95%
Mare che bagna la Regione Mar Tirreno
93%
Altre Province Salerno
93%
Antica Repubblica Marinara che dà il nome ad una famosa costiera Amalfi
89%
Capri
89%
Altre Province Avellino
87%
Altre Province Benevento
86%
Città principali distrutte da una sua eruzione nel 79 d.C Ercolano
85%
Nome delle tre isole maggiori della Campania Ischia
81%
Animale dal cui latte si produce una tipica mozzarella Bufala
72%
Dolce di pan di spagna inzuppato nel rhum Babà
67%
Maschera campana della Commedia dell'Arte Pulcinella
60%
Procida
59%
Attore conosciuto come "Il principe della risata" Totò
59%
Pittoreschi scogli che si possono ammirare in quest'ultima isola Faraglioni
56%
Tale Reggia fu costruita per essere la residenza di questa nobile famiglia che regnò sul Sud Italia fino al 1861 Borbone
53%
Attrice vincitrice di un premio Oscar Sophia Loren
51%
Area geografica dell'entroterra colpita da un terremoto nel 1980 Irpinia
47%
Autore della "Gerusalemme Liberata" Torquato Tasso
46%
San Gregorio Armeno è una via del capoluogo dove puoi trovare queste caratteristiche opere artigianali Presepi
41%
Liquore prodotto in Campania che ha dato il nome ad un famoso premio letterario Strega
40%
Località celebre per la sua pasta Gragnano
38%
Termine dialettale con la quale viene chiamato il "ragazzo di strada" Scugnizzo
37%
Area geografica che si estende tra la Piana del Sele e la Basilicata Cilento
36%
La città più popolosa d'Italia non capoluogo di provincia (124.000 abitanti nel 2024) Giugliano in Campania
31%
Architetto che progettò la Reggia di una dei Capoluoghi di Provincia Luigi Vanvitelli
31%
Autore teatrale di "Natale a casa Cupiello" Eduardo De Filippo
30%
Maggior fiume che attraversa la Regione Volturno
26%
Località che era il capolinea del primo tratto ferroviario d'Italia (1839) Portici
23%
Museo che ospita il magnifico "Cristo Velato" Cappella {Sansevero}
13%
Nessun quiz corrispondente trovato
Distribuzione punteggi
Percentuale di utenti per punteggio
Percentile per numero di risposta
I tuoi punteggi nel tempo
Non hai fatto questo quiz